Un marido para mamá

Gorde:
Xehetasun bibliografikoak
Egile nagusia: Nöstlinger, Christine (autora)
Formatua: Liburua
Hizkuntza:gaztelania
Argitaratua: Bogotá Norma 1995
Saila:Torre de Papel
Gaiak:
Etiketak: Etiketa erantsi
Etiketarik gabe, Izan zaitez lehena erregistro honi etiketa jartzen!

MARC

LEADER 00000nam a2200000 a 4500
001 UCH9759
003 CL-VaPUC
008 100121e19950000CK |||||||||||||||||spa|d
020 |a 9580423822 
082 0 4 |a 808.0683  |b NOS  |2 21 
100 |a Nöstlinger, Christine  |e autora  |9 462415 
245 1 3 |a Un marido para mamá 
300 |a 192 p 
942 |c BK 
945 |d 20100121 00:00:00  |a dcastane 
260 |a Bogotá  |b Norma  |c 1995 
650 0 |a Literatura austríaca   |9 334012 
650 7 |a CUENTOS AUSTRIACOS  |2 CL-VaPUC  |9 541875 
650 0 |a Cuentos infantiles  |9 308044 
583 |a last modification  |c 20110930 02:34:19  |k Rodrigo Vera 
490 0 |a Torre de Papel 
999 |c 339649  |d 339647